Statistics for Top 10 Irish Goalscorers that are still playing

Click here to take the quiz!

General Stats

  • This quiz has been taken 10 times
  • The average score is 3 of 15

Answer Stats

NAnswerClub(s)Years ActiveLeague GoalsCup GoalsEuropean Goals/OtherTotal% Correct
1Padraig AmondShamrock Rovers (2006-2009),
Kildare County (loan/2007),
Sligo Rovers (2010),
Pacos de Fereira (2010-12),
Accrington Stanley (loan/2011-12),
Accrington Stanley (2013-13),
Morecambe (2013-15),
Grimsby Town (2015-16),
Hartlepool United (2016-17),
Newport County (2017-22),
Exeter City (loan/2021-22),
Woking (2022-present)
2006-present (17 years)1682713210
44%
7Shane LongCork City (2005),
Reading (2005-2011),
West Bromwich Albion (2011-2014),
Hull City (2014),
Southampton (2014-22),
AFC Bournemouth (loan/2021),
Reading (2022-present)
2005-present (18 years)98203121
44%
10Sean MaguireWaterford United (2011-12),
West Ham United (2013-15),
Sligo Rovers (loan/2014),
Accrington Stanley (loan/2014-15), Dundalk (2015),
Cork City (2016-17),
Preston North End (2017-23), Coventry City (2023)
2011-present (12 years)83118101
33%
5David McGoldrickNotts County (2004),
Southampton (2004-09),
Notts County (loan/2005),
AFC Bournemouth (loan/2007),
Port Vale (loan/2007-08),
Nottingham Forest (2009-13),
Sheffield Wednesday (loan/2011),
Coventry City (loan/2012-13),
Ipswich Town (loan/2013),
Ipswich Town (2013-2018),
Sheffield United (2018-22),
Derby County (2022-23),
Notts County (2023-present)
2004-present (19 years)134122149
22%
3Eoin DoyleShelbourne (2007),
Shamrock Rovers (2007-09),
Sligo Rovers (2009-11),
Hibernian (2012-13),
Chesterfield (2013-15),
Cardiff City (2015-16),
Preston North End (loan/2015-16),
Preston North End (2016-18),
Portsmouth (loan/2017),
Oldham Atheltic (loan/2017-18),
Bradford City (2018-20),
Swindon Town (loan/2019-20),
Swindon Town (2020),
Bolton Wanderers (2020-22),
St Patricks Athletic (2022-present)
2007-present (16 years)180208208
22%
12Georgie KellyDerry City (2015),
UCD (2016-18),
Dundalk (2018-20),
St Patricks Athletic (loan/2020),
Bohemians (2021),
Rotherham United (2021-present)
2015-present (8 years)737787
22%
15Graham BurkeAston Villa (2011-15),
Shrewsbury Town (loan/2013),
Notts County (loan/2015),
Notts County (2015-17),
Shamrock Rovers (2017-18),
Preston North End (2018-21),
Gillingham (loan/2019),
Shamrock Rovers (loan/2019-21),
Shamrock Rovers (2021-present)
2011 (12 years)626977
22%
4James CollinsAston Villa (2009-11),
Darlington (loan/2009-10),
Burton Albion (loan/2010),
Shrewsbury Town (2011-12),
Swindon Town (2012-13),
Hibernian (2013-14),
Shrewsbury Town (2014-16),
Northampton Town (loan/2016),
Crawley Town (2016-17),
Luton Town (2017-21),
Cardiff City (2021-22),
Derby County (2022-present)
2009-present (14 years)179152196
22%
2Paddy MaddenBohemians (200-2010),
Shelbourne (loan/2009),
Carlisle United (2010-11),
Yeovil Town (2012-14),
Scunthorpe United (2013-18),
Fleetwood Town (2017-21),
Stockport County (2020-23)
2008-present (15 years))179228209
22%
6Scott HoganWoodley Sports (2010),
FC Halifax Town (2010-11),
Woodley Sports (loan/2010),
Mossley (loan/2011),
Stocksbridge Park Steels (2011-12),
Ashton United (2012-13),
Hyde (2013),
Rochdale (2013-14),
Brentford (2014-17),
Aston Villa (2017-20),
Sheffield United (loan//2019),
Stoke City (loan/2019-20),
Birmingham City (loan/2020),
Birmingham City (2020-present)
2010-present (13 years)11757129
22%
13Richie TowellCeltic (2010-12),
Hibernian (loan/2011-12),
Dundalk (2013-15),
Brighton & Hove Albion (2015-19),
Rotherham United (loan/2017-18,2018-19),
Salford City (2019-21),
Shamrock Rovers (2021-present)
2010-present (13 years)6791086
11%
14Ronan CurtisDerry City (2015-2018),
Portsmouth (2018-present)
2015-present (8 years)5812981
11%
8Patrick HobanMervue United (2009-2010),
Bristol City (2010-11),
Clevedon Town (loan/2010-11),
Mervue United (2011-12),
Dundalk (2013-14),
Oxford United (2015-16),
Stevenage (loan/2016),
Grimsby Town (loan/2016),
Mansfield Town (2016-17),
Dundalk (2018-present)
2009-present (14 years)82146102
0%
11Ronan FinnUCD (2005-09),
Sporting Fingal (2010),
Shamrock Rovers (2011-14),
Dundalk (2015-16),
Shamrock Rovers (2017-present)
2005-present (18 years)7613190
0%
9Rory GaffneyMervue United (2009-11),
Limerick (2011-14),
Cambridge United (2015-16),
Bristol Rovers (loan/2015-16),
Bristol Rovers (2016-18),
Salford City (2018-20),
Walsall (loan/2019-20),
Shamrock Rovers (2020-present)
2009-present (14 years)9576108
0%

Score Distribution

Percentile by Number Answered

Percent of People with Each Score

Your Score History

You have not taken this quiz